000 00631nam a2200229 i 4500
001 C2-0244923
003 PPAK
005 20180727210042.0
008 030203s1964 nyua|||| ||||| | eng d
040 _aPPAK
_beng
_cPPAK
_erda
082 0 4 _a500.9
_223
090 0 0 _a500.9
_bBER
_dKSA
100 1 _aBergamini, David,
_eauthor
245 1 4 _aThe Land and Wildlife of Australia
264 1 _aNew York :
_bTime Life Books ,
_c1964
300 _a197 pages :
_bcolour illustrations ;
_c27 cm
336 _2rdacontent
_atext
337 _2rdamedia
_aunmediated
338 _2rdacarrier
_avolume
650 1 0 _aAfrica
942 _ddc
_cB
999 _c59076
_d59076